MDQL
is popping MORE tags! Check the
thread
!
Quizzes
Events
Quiz Creation
Community
Videos
Private Events
Remove Ads
Sign In
Join for FREE
Feedback
Dark Mode
Quiz Categories
Sports
Geography
Music
Movies
Television
Just For Fun
Miscellaneous
History
Literature
Language
Science
Gaming
Entertainment
Religion
Holiday
For Kids
Quiz Lab
Recent
Popular Today
Quiz Kudos Today
Editor Picks
Curator Picks
Quizzes by...
Day
Popularity
Type
Ratings
Length
Year
Community
Subscriptions
Recent Discussions
Orange Saloon
Badges
Playlists
Quests
Create
Leaderboards
Showdown
Live 5
Trivia Bingo
Activity
Puzzle Library
Sporcle Events
Private Events
Virtual Trivia
Globe League
Become a Host
Pub Owners
SporcleCon
Opinionation
Our Games
Videos
Blog
Mobile Apps
Partnerships
Remove Ads and Go Orange
Feedback
Music
Pop Music
The Beatles
Song
Album
Lyrics
Bands
Singers
Artist
Clip
Rock
Rap
Classical
Billboard
Country Music
Kpop
Taylor Swift
Music
Pop Music
The Beatles
Song
Album
Lyrics
Bands
Singers
Artist
Clip
Rock
Rap
Classical
Billboard
Country Music
Kpop
Taylor Swift
Random Quiz
Search Sporcle
×
Quiz Lab
Quiz Lab
Music
Album
Type in answers that appear in a list
Type in answers that appear in a list
Classic
Best Score? Go Orange.
Belle & Sebastian Songs Stats
Can you name the Belle & Sebastian Songs?
By
Blinutne
20m
194 Questions
84 Plays
84 Plays
84 Plays
Comments
Comments
Give Quiz Kudos
Give Quiz Kudos
-
- Ratings
hide this ad
More Info
Replay
Link that replays current quiz
Next Quiz
Link to next quiz in quiz playlist
You Got
0%
They Got
Avg Score
44%
Avg Friend Score
Upgrade to see
Score Distribution
Jump to the score distribution portion of the page
Score
0/194
Timer
20:00
0
Plays Today
Year
Song
% Correct
1996
If You're Feeling Sinister
88.1%
2005
If You're Feeling Sinister
88.1%
1998
The Boy With the Arab Strap
85.7%
1996
The Fox in the Snow
83.3%
2005
The Fox in the Snow
83.3%
1996
Judy and the Dream of Horses
82.1%
2003
Dear Catastrophe Waitress
82.1%
2005
Judy and the Dream of Horses
82.1%
1996
Like Dylan in the Movies
78.6%
2008
Me and the Major
78.6%
2008
The Boy With the Arab Strap
78.6%
1996
The Stars of Track and Field
77.4%
1996
Me and the Major
77.4%
2003
Piazza, New York Catcher
77.4%
2005
The Stars of Track and Field
77.4%
2005
Me and the Major
77.4%
1996
Expectations
76.2%
1997
Dog On Wheels
76.2%
2005
Like Dylan in the Movies
76.2%
2006
Funny Little Frog
75%
2003
Step Into My Office, Baby
73.8%
2003
Step Into My Office, Baby
73.8%
1996
Seeing Other People
72.6%
1997
Lazy Line Painter Jane
72.6%
2008
The Stars of Track and Field (Mark Radcliffe Session)
72.6%
2005
Seeing Other People
72.6%
2003
I'm a Cuckoo
71.4%
2003
I'm a Cuckoo (Single Edit)
71.4%
2003
I'm a Cuckoo (by the Avanlanches)
71.4%
1998
Dirty Dream Number Two
70.2%
2008
Like Dylan in the Movies (Mark Radcliffe Session)
70.2%
1996
The State I Am In
69%
1996
Get Me Away From Here, I'm Dying
69%
1996
Mayfly
69%
1997
The State I Am In
69%
2005
Get Me Away From Here, I'm Dying
69%
2005
Mayfly
69%
2008
The State I Am In (Mark Radcliffe Session)
67.9%
2006
The Blues Are Still Blue
66.7%
1996
She's Losing It
65.5%
1996
You're Just a Baby
65.5%
1998
Sleep the Clock Around
65.5%
2000
The Model
64.3%
2006
White Collar Boy
64.3%
2008
The Model
64.3%
1996
Electronic Renaissance
63.1%
1998
It Could Have Been a Brilliant Career
63.1%
1998
This Is Just a Modern Rock Song
63.1%
2000
Legal Man
63.1%
2001
I'm Waking Up to Us
63.1%
2006
Act of the Apostle Part 2
63.1%
1996
The Boy Done Wrong Again
61.9%
1997
Belle & Sebastian
61.9%
1998
Seymour Stein
61.9%
2000
I Fought In a War
61.9%
2003
Wrapped Up In Books
61.9%
2003
Wrapped Up In Books
61.9%
2005
The Boy Done Wrong Again
61.9%
1997
A Century of Elvis
60.7%
1997
A Century of Fakers
60.7%
1998
A Summer Wasting
60.7%
1998
The Rollercoaster Ride
59.5%
2001
Jonathan David
59.5%
2006
Another Sunny Day
59.5%
2003
If You Find Yourself Caught In love
58.3%
Year
Song
% Correct
2006
Funny Little Frog
58.3%
1996
We Rule the School
57.1%
1996
Mary Jo
57.1%
2001
I Love My Car
57.1%
2003
If She Wants Me
57.1%
2006
Act of the Apostle Part 1
57.1%
2006
For the Price of a Cup of Tea
57.1%
2006
The Blues Are Still Blue
57.1%
2008
There's Too Much Love
57.1%
1997
String Bean Jean
56%
1998
Ease Your Feet In the Sea
56%
1998
A Space Boy Dream
56%
2003
Roy Walker
56%
2006
Song For Sunshine
56%
1996
I Don't Love Anyone
54.8%
2000
The Chalet Lines
54.8%
2000
There's Too Much Love
54.8%
2003
Lord Anthony
54.8%
2003
Stay Loose
54.8%
1997
Beautiful
53.6%
1998
Is It Wicked Not to Care?
53.6%
1998
Chickfactor
53.6%
2002
Storytelling
53.6%
2006
Dress Up In You
53.6%
1996
My Wandering Days Are Over
52.4%
2000
Judy Is a Dick Slap
52.4%
2003
Asleep On a Sunbeam
52.4%
2001
Marx and Engels
51.2%
2006
Sukie in the Graveyard
51.2%
2008
Judy and the Dream of Horses (Mark Radcliffe Session)
51.2%
1997
Photo Jenny
50%
1998
Simple Things
50%
2000
Women's Realm
50%
2000
Family Tree
50%
2006
We Are the Sleepyheads
48.8%
2001
Take Your Carriage Clock and Shove It
47.6%
2001
The Loneliness of a Middle Distance Runner
47.6%
2008
Sleep the Clock Around (Evening Session)
47.6%
1996
I Could Be Dreaming
46.4%
2000
Winter Wooskie
46.4%
2006
To Be Myself Completely
46.4%
1998
The Gate
45.2%
2000
The Wrong Girl
45.2%
1997
Le Pastie de la Bourgeoisie
44%
1997
Put the Book Back On the Shelf
44%
2000
Nice Day For a Sulk
42.9%
2008
(My Girl's Got) Miraculous Technique (John Peel Session)
42.9%
1997
You Made Me Forget My Dreams
41.7%
1998
Slow Graffiti
41.7%
2003
You Don't Send Me
41.7%
2000
Don't Leave the Light On Baby
40.5%
2003
Your Covers Blown
40.5%
2008
I Could Be Dreaming (Mark Radcliffe Session)
40.5%
2008
Seymour Stein (Evening Session)
40.5%
2008
Dirty Dream #2
40.5%
2006
The Monkeys Are Breaking Out the Zoo
39.3%
2000
Beyond the Sunrise
38.1%
2000
Waiting For the Moon to Rise
38.1%
2008
Wandering Alone
38.1%
2006
Casaco Marrom
38.1%
1998
I Know Where the Summer Goes
36.9%
2002
F**k This S**t
36.9%
2008
The Magic of a Kind Word (John Peel Session)
36.9%
2006
White Collar Boy
35.7%
2006
Mornington Crescent
33.3%
Year
Song
% Correct
2008
Legal Man
33.3%
2006
Meat and Potatoes
32.1%
2006
Baby Jane (Rod Stewart)
32.1%
2006
Whiskey in the Jar (Thin Lizzy)
31%
2010
Write About Love
31%
2002
Wandering Alone
29.8%
2002
I Don't Want to Play Football
27.4%
2008
Here Comes the Sun
27.4%
2002
Big John Shaft
26.2%
2008
Slow Graffiti (Evening Session)
26.2%
2002
Black and White Unite
23.8%
2002
Consuelo
23.8%
2002
Scooby Driver
23.8%
2008
Lazy Lane (Evening Session)
23.8%
2010
I Want the World to Stop
23.8%
2011
I Want the World to Stop (radio edit)
23.8%
2002
Fiction
22.6%
2002
Consuelo Leaving
22.6%
2008
Wrong Love (Evening Session)
22.6%
2003
(I Believe In) Travellin' Light
21.4%
2008
The Magic of a Kind Word
21.4%
2006
The Life Pursuit
20.2%
2008
The Wrong Girl
20.2%
2002
Fiction Reprise
19%
2003
Cover (Version)
19%
2008
Shoot the Sexual Athlete (John Peel Session)
19%
2002
Freak
17.9%
2006
I Took a Long Hard Look
17.9%
2010
I Didn't See it Coming
17.9%
2002
Jersey's Where It's At
16.7%
2002
Class Rank
16.7%
2003
Your Secrets
16.7%
2008
Nothing in the Silence (John Peel Session)
16.7%
2010
Come on Sister
16.7%
2010
Little Lou, Ugly Jack, Prophet John
16.7%
2002
Conan, Early Letterman
15.5%
2002
Night Walk
15.5%
2002
Mandigo Cliche
15.5%
2006
Mr. Richard
15.5%
2008
I'm Waiting for the Man
15.5%
2011
Come on Sister (Tony Doogan mix)
15.5%
2002
Toby
14.3%
2003
Desperation Made a Fool of Me
14.3%
2006
The Eighth Station of the Cross Kebab House
14.3%
2006
Long Black Scarf
14.3%
2010
The Ghost of Rockschool
13.1%
2003
Love On the March
11.9%
2003
Stop, Look and Listen
11.9%
2000
O Come, O Come, Emmanuel
11.9%
2006
Heaven in the Afternoon
10.7%
2003
Passion Fruit
9.5%
2008
The Boys Are Back in Town
9.5%
2003
Final Day (Young Marble Giants)
9.5%
2003
Poupée de cire, poupée de son
9.5%
2010
I'm Not Living in the Real World
9.5%
2010
Sunday’s Pretty Icons
8.3%
2010
Calculating Bimbo
7.1%
2010
I Can See Your Future
7.1%
2010
Read the Blessed Pages
6%
2011
Suicide Girl
4.8%
2011
I Didn’t See It Coming (Richard X remix)
4.8%
2011
I Didn’t See It Coming (Cold Cave mix)
4.8%
2010
Blue Eyes of a Millionaire
3.6%
2011
Blue Eyes of a Millionaire
3.6%
Quiz Playlist
Details
Report
Send in Message
Add To Playlist
More Info:
This quiz contains every song released on Belle & Sebastian offical recordings. The album will appear with a correct response.
Classic:
Type in answers that appear in a list
Quiz Source
Last Updated: Feb 16, 2017
Quiz Scoreboard
CHALLENGE
Sign Up to Join the Scoreboard
Show All
Scores
Hide
Comments
May contain spoilers
Recently Published
1-10 Letter E Words III
by El_Dandy
Language
2m
Street Fighter Characters
by Artimus82
Gaming
60s
College Basketball Coaching Resumes
by pancakes188
Sports
9m
More to Explore
Quiz From the Vault
Featured Blog Post
Where Did the Easter Bunny Come From?
hide this ad
You Might Also Like...
Tags
Album Quiz
Song Quiz
belle
Belle Sebastian
Sebastian
Today's Top Quizzes in Music
Browse Music
hide this ad
Today's Top Quizzes in Album
Browse Album
Top Contributed Quizzes in Music
1
Taylor Swift All Songs (2024)
2
Taylor Swift Logic Puzzle
3
Guess the Artist- 70s Songs
4
7-to-1: Billboard Hot 100 #1 Hits of 2010s
5
Sorting Albums and Songs
6
Billboard Blitz: Aretha Franklin
7
KPOP LOGIC QUIZ
8
Guess the Taylor Swift song (Mystery Song)
9
Guess The Taylor Swift Lyrics Song #1
10
Billboard Blitz: ABBA
Explore More
Trending Topics
Disney
Harry Potter
Anime
Kpop
NBA
Marvel
Crossword
Country
Pokémon
Song
The Office
Soccer
Puzzle
NFL
WWE
hide this ad
More By:
Blinutne
Quiz
Plays
Rating
Category
Featured
Created
Google Earth European Capitals
892
4.89
Geography
Apr 22, 2016
Every Metro in U.S. Midwest
549
4.75
Geography
Mar 21, 2016
Every Metro in U.S. South
485
4.50
Geography
Mar 21, 2016
Every Metro in U.S. Northeast
391
4.33
Geography
Mar 21, 2016
Every Metro in U.S. West
379
4.60
Geography
Mar 21, 2016
Go to Creator's Profile
Score Distribution
Quiz Creator Spotlight
Blinutne
Follow
Send a Message
Quizzes Created
-
Created Quiz Play Count
-
More By This Creator
Popular Quizzes Today
1
Find the US States - No Outlines Minefield
2
Find the Countries of Europe - No Outlines Minefield
3
The Countries of the World
4
Find the US States
5
Risky Map Clicking: Biggest States A-Z
6
US States
7
Popular People in 1961
8
Movies - When Are They Set?
More Music Quizzes
2006 MTV VMA slideshow
Editor's Pick
Trending Quizzes
Risky Map Clicking: Least Populous States A-Z
Billboard Blitz: Aretha Franklin
Famous Russians: Author or Composer?
Countries of the World: 200 Million BC
1-10 Letter G Words
Recently Updated
Leaping Animals
pecheneg
Reality TV Shows (A-Z)
bhenderson79
Rickey Henderson's Hall of Fame Teammates
pecheneg
Champions League XIs: Arsenal
pecheneg
Quick Pick: Celebrities in WWE's Hall of Fame
aduchscher
A-Z Keypad Blitz II
pecheneg
Multiple Oscar Actors
pecheneg
Mystery Phrase Blitz: Oscar 'Best Actors'
pecheneg
F. Scott Fitzgerald Novels
LTH
Pick 3 Villains
ddd62291
Trending Topics
Kpop
NBA
Crossword
Disney
Anime
Marvel
Harry Potter
NFL
WWE
Country
The Office
Puzzle
Song
Soccer
Pokémon
Your Account Isn't Verified!
In order to create a playlist on Sporcle, you need to verify the email address you used during registration. Go to your
Sporcle Settings
to finish the process.
Report this User
Report this user for behavior that violates our
Community Guidelines
.
Details:
Send Report
Go to the Sporcle.com Mobile Site →
Comments